Film dont le titre commence par un S (1) - Statistiques

Statistiques générales
  • Ce quiz a été pris 5 fois
  • Le résultat moyen est 4 sur 30
Statistiques - réponses
Année Réalisateur Genre 1 acteur ou
1 actrice
Titre % Correct
1956 Ernst Marischka Historique Romy Schneider Sissi
60%
2000 Robert Zemeckis Aventures Tom Hanks Seul au monde
40%
2009 Guy Ritchie Action Robert Downey Jr Sherlock Holmes
40%
1957 Ernst Marischka Historique Romy Schneider Sissi face à son destin
40%
1956 Ernst Marischka Historique Romy Schneider Sissi impératrice
40%
1992 Emile Ardolino Comédie Woppy Goldberg Sister act
40%
2016 Clint Eastwood Biographie Tom Hanks Sully
40%
1949 Cecil B DeMille Peplum Victor Mature Samson et Dalila
20%
2008 Martin Provost Drame Yolande Moreau Séraphine
20%
2012 Thomas Langmann Comédie Richard Anconina Stars 80
20%
1979 Robert Wise Science fiction William Shatner Star Trek le film
20%
1940 Rouben Mamoulian Aventures Tyrone Power Le signe de Zorro
0%
1953 William Dieterle Comédie Stewart Granger Salomé
0%
1952 George Sidney Aventures Stewart Granger Scaramouche
0%
1997 Jacques Rivette Drame psychologique Sandrine Bonnaire Secret défense
0%
1956 Oscar Boetticher Western Randolph Scott Sept hommes à abattre
0%
2016 David Moreau Fantastique Stéphane Bak Seuls
0%
1959 Yves Robert Comédie Robert Lamoureux Signé Arsène Lupin
0%
1969 Pierre Grimblat Comédie dramatique Serge Gainsbourg Slogan
0%
1961 Robert Aldrich Peplum Stewart Granger Sodome et Gomorrhe
0%
1951 Julien Duvivier Drame Paul Frankeur Sous le ciel de Paris
0%
2000 Clint Eastwood Aventures Tommy Lee Jones Space cowboys
0%
1953 Billy Wilder Comédie dramatique William Holden Stalag 17
0%
1982 Nicholas Meyer Science fiction William Shatner Star Trek 2 La colère de Khan
0%
1983 Leonard Nimoy Science fiction William Shatner Star Trek 3 A la recherche de Spock
0%
1986 Leonard Nimoy Science fiction William Shatner Star Trek 4 Retour sur Terre
0%
1989 William Shatner Science fiction William Shatner Star Trek 5 L'ultime frontière
0%
1991 Nicholas Meyer Science fiction William Shatner Star Trek 6 Terre inconnue
0%
2002 Jonathan Frakes Science fiction Patrick Stewart Star Trek Insurrection
0%
2002 Stuart Baird Science fiction Patrick Stewart Star Trek Nemesis
0%
Aucun quiz correspondant
Distribution des résultats
% des personnes avec chaque résultat
Percentile par nombre de réponses
Votre historique - résultats
Vous n’avez pas pris ce quiz